सदा बहार देवआनंद. (Record no. 1348362)

MARC details
000 -LEADER
fixed length control field 00671nam a2200181Ia 4500
008 - FIXED-LENGTH DATA ELEMENTS--GENERAL INFORMATION
fixed length control field 151202s9999||||xx |||||||||||||| ||und||
082 ## - DEWEY DECIMAL CLASSIFICATION NUMBER
Item number PNVM-83536
100 ## - MAIN ENTRY--PERSONAL NAME
Personal name औरंगाबादकर अनुराधा.
245 ## - TITLE STATEMENT
Title सदा बहार देवआनंद.
260 ## - PUBLICATION, DISTRIBUTION, ETC. (IMPRINT)
Name of publisher, distributor, etc "प्रतिक प्रकाशन, पुणे."
260 ## - PUBLICATION, DISTRIBUTION, ETC. (IMPRINT)
Date of publication, distribution, etc 2007
300 ## - PHYSICAL DESCRIPTION
Extent 377
600 ## - SUBJECT ADDED ENTRY--PERSONAL NAME
Personal name औरंगाबादकर अनुराधा.
630 ## - SUBJECT ADDED ENTRY--UNIFORM TITLE
Uniform title सदा बहार देवआनंद.
700 ## - ADDED ENTRY--PERSONAL NAME
Personal name औरंगाबादकर अनुराधा.
730 ## - ADDED ENTRY--UNIFORM TITLE
Uniform title सदा बहार देवआनंद.
942 ## - ADDED ENTRY ELEMENTS (KOHA)
Koha item type Book
Holdings
Withdrawn status Lost status Damaged status Not for loan Home library Current library Date acquired Cost, normal purchase price Total Checkouts Full call number Barcode Date last seen Cost, replacement price Price effective from Koha item type
        Pune Nagar Vachan Mandir, Pune Pune Nagar Vachan Mandir, Pune 08/06/2015 400.00   PNVM-83536 PNVM-83536 12/02/2015 400.00 12/02/2015 Book